Archétypes Yu-gi-oh! - Statistiques

Statistiques générales
  • Ce quiz a été pris 16 fois
  • Le résultat moyen est 11 sur 15
Statistiques - réponses
Par images Réponse % Correct
Toon
100%
Aile Noire
93%
Yeux bleus
93%
Photon
87%
Héros de la destinée
80%
Méchabot
73%
Samuraï Supralourd
73%
Seigneur Lumière
73%
Lyrilusc
67%
Shiranui
67%
Nuagien
60%
Sirènemure
60%
Typhon radieux
60%
Gouki
53%
Rikka
47%
Aucun quiz correspondant
Distribution des résultats
% des personnes avec chaque résultat
Percentile par nombre de réponses
Votre historique - résultats
Vous n’avez pas pris ce quiz